• 首页
  • 本馆介绍
  • 公告通知
  • 最新文献
  • 馆藏检索
  • 电子资源
  • 读者导购
  • 参考咨询
  • 我的图书馆
  • 登录
  • 详细信息显示
  • 放入我的书架
  • 预约/预借图书
  • 作者相关作品
  • 分类相关作品
  • 丛书相关作品
  • 出版社相关作品

书目信息

  • 表格格式
  • 工作单格式
  • 卡片格式
题名:
长江水系钢船建造规范
    
 
作者: ;中华人民共和国船舶检验局 编
分册: 1978  
出版信息: 北京   人民交通出版社  1978
页数: 372页
开本: 19cm
丛书名:
单 册:
中图分类: U662
科图分类:
主题词: 内河船-载重线--规范 , 内河船-稳定性--规范 , 稳定性-内河船--规范 , 载重线-内河船--规范
电子资源:
ISBN:
000 00863nam0 2200265 45
001 0180004054
005 20060303104913.70
010    @dCNY1.15
091    @a15044.6328
100    @a19950531d1978 em y0chiy0121 ea
101 0  @achi
102    @aCN@b110000
105    @ay z 000yy
200 10 @a长江水系钢船建造规范@Achang jiang shui xi gang chuan jian zao gui fan@h1978@f中华人民共和国船舶检验局编@Fzhong hua ren min gong he guo chuan bo jian yan ju bian
210    @a北京@c人民交通出版社@d1978
215    @a372页@d19cm
606    @a内河船-载重线@x规范
606    @a内河船-稳定性@x规范
606    @a稳定性-内河船@x规范
606    @a载重线-内河船@x规范
690    @aU662@v3
711  0 @a中华人民共和国船舶检验局@Azhong hua ren min gong he guo chuan bo jian yan ju@4编
801  2 @aCN@bNLC@c20060303
801  0 @aCN@bTSSF
905    @a10447@dU662@e4
    
    长江水系钢船建造规范.1978/中华人民共和国船舶检验局编.-北京:人民交通出版社,1978
    372页;19cm
    
    
    ISBN :CNY1.15
    
●
相关链接 在E读中查询图书 在五车中查询图书 在当当中查询图书 在豆瓣中查询图书


正题名:长江水系钢船建造规范     索取号:U662/4         预约/预借

序号 登录号 条形码 馆藏地/架位号 状态 备注
1 0001738   001487796   密集书库/ [索取号:U662/4] 在馆    
唐山师范学院图书馆 欢迎您!
大连网信软件有限公司© 版权所有